Sant Jordi 2022
Descripción Física:
1 punt de llibre ; il·lustrat color ; 7 x 20 cm
Materias:
Palau Güell (Barcelona)
; Xemeneies
; Modernisme (Arquitectura) -- Barcelona (Catalunya)
; Punts de llibre
Idioma:
Catalán
MARC
| LEADER | 00000nrm a22000007a 4500 | ||
|---|---|---|---|
| 001 | 27671 | ||
| 003 | Arxiu | ||
| 005 | 20260324181513.0 | ||
| 008 | 230411b spa||||| |||| 00| 0 cat d | ||
| 017 | |a B 8715-2022 | ||
| 040 | |a agdb |b cat | ||
| 110 | 2 | |9 17034 |a Palau Güell (Barcelona) | |
| 245 | |a Sant Jordi 2022 | ||
| 260 | |a Barcelona : |b Palau Güell : |b Diputació de Barcelona ; |c 2022 | ||
| 300 | |a 1 punt de llibre ; |b il·lustrat color ; |c 7 x 20 cm | ||
| 500 | |a Il·lustrat amb una fotografia en color d'una de les xemeneies del terrat del Palau Güell. | ||
| 610 | 2 | 0 | |9 17034 |a Palau Güell (Barcelona) |
| 650 | 0 | |2 Arxiu |9 22333 |a Xemeneies | |
| 650 | 0 | |9 38366 |a Modernisme (Arquitectura) |z Barcelona (Catalunya) | |
| 655 | 0 | |9 52700 |a Punts de llibre | |
| 942 | |2 udc |c ARXIU |n 1 | ||
| 952 | |0 0 |1 0 |2 udc |4 0 |6 NBM1711 |7 1 |9 66039 |a Arxiu |b Arxiu |d 2023-04-11 |l 0 |o NBM-17-11 |p 27671 |r 2023-04-11 00:00:00 |w 2023-04-11 |y ARXIU | ||
| 999 | |c 83329 |d 83329 | ||